| 000 | 00780cam a2200277 4500 | ||
|---|---|---|---|
| 999 |
_c9464 _d9464 |
||
| 001 | 9464 | ||
| 003 | BD-JhCC | ||
| 005 | 20180314171006.0 | ||
| 008 | 710804s1971 enkb b 001 0 eng | ||
| 020 | _a0091069106 | ||
| 035 | _a(BD-JhCC)9464 | ||
| 040 |
_aDLC _cDLC _dDLC |
||
| 041 | _aeng | ||
| 050 | 0 | 0 |
_aDS480.84 _b.M59 1971 |
| 082 | 0 | 0 |
_a320.9/54 _bMOR 1971 |
| 100 | 2 |
_aMorris-Jones, W. H. _q(Wyndraeth Humphreys) |
|
| 245 | 1 | 4 |
_aThe government and politics of India _c[by] W. H. Morris-Jones. |
| 250 | _a3rd (revised) ed. | ||
| 260 |
_aLondon, _bHutchinson, _c1971. |
||
| 300 |
_a280 p. _bmaps. _c23 cm. |
||
| 350 | _a£1.75 | ||
| 504 | _aIncludes bibliographical references. | ||
| 651 | 0 |
_aIndia _xPolitics and government _y1947- |
|
| 942 |
_2ddc _cBK |
||